000 00593nam a22002297a 4500
003 UA-OsUOA
001 95262
007 ta
008 20130226b un ||||| |||| 00| 0 ukr d
100 _aЗаринь М.
090 _a821.174
_bЗ-44
942 _cBK
040 _aUA-OsUOA
_brus
_cUA-OsUOA
_dUA-OsUOA
245 _aФальшивый Фауст
_bроманы
300 _a400 с.
955 _a3
041 _arus
080 _a821.174
260 _aМ.
_bИзвестия
_c1984
650 7 _a82 Література. Літературознавство
_2UDC
999 _c381516
_d381516